[Event "World Youth U-16 Olympiad 2018"]
[Site "Konya"]
[Date "2018.12.02"]
[Round "9"]
[White "Gombocz, Ferenc Jr."]
[Black "Brodsky, David"]
[Result "0-1"]
[WhiteElo "2263"]
[BlackElo "2415"]
[Annotator "TA"]
[PlyCount "76"]
[EventDate "2018.11.25"]
[EventType "team-tourn"]
[EventCountry "TUR"]
[SourceTitle "playchess.com"]
[Source "ChessBase"]
[SourceQuality "1"]
[WhiteTeam "Hungary"]
[BlackTeam "United States"]
[WhiteTeamCountry "HUN"]
[BlackTeamCountry "USA"]

1. c4 b6 2. Nc3 Bb7 3. e4 e5 4. Nge2 Nc6 5. g3 Bc5 6. Bg2 Nge7 7. O-O O-O 8. d3 Nd4 9. a3 a5 10. Rb1 Nxe2+ 11. Nxe2 a4 12. Nc3 Bc6 13. Be3 d6 14. Nd5 Bb7 15. Qg4 Bxd5 16. cxd5 f5 17. exf5 Nxf5 18. Qe4 Qf6 19. Kh1 Qg6 20. Bxc5 bxc5 21. f4 Rae8 22. fxe5 Rxe5 23. Qf4 Rf6 24. Be4 Qf7 25. Rfe1 Ne7 26. Qg4 g6 27. Bg2 Nxd5 28. Rxe5 dxe5 29. Qxa4 Ne3 30. Qe4 Nxg2 31. Qxg2 e4 32. Kg1 exd3 33. Qd2 Qd5 34. Re1 Qd4+ 35. Kg2 c4 36. a4 Rb6 37. Qg5 Rxb2+ 38. Kh1 Re2 0-1

[Event "World Youth U-16 Olympiad 2018"]
[Site "Konya"]
[Date "2018.12.02"]
[Round "9"]
[White "Mis, Mieszko"]
[Black "Ceres, Dragos"]
[Result "1/2-1/2"]
[WhiteElo "2260"]
[BlackElo "2324"]
[Annotator "ChessBase"]
[PlyCount "62"]
[EventDate "2018.11.25"]
[EventType "team-tourn"]
[EventCountry "TUR"]
[SourceTitle "playchess.com"]
[Source "ChessBase"]
[SourceQuality "1"]
[WhiteTeam "Poland"]
[BlackTeam "Moldova"]
[WhiteTeamCountry "POL"]
[BlackTeamCountry "MDA"]

1. d4 Nf6 2. c4 e6 3. g3 c5 4. d5 exd5 5. cxd5 d6 6. Bg2 g6 7. Nc3 Bg7 8. Nf3 O-O 9. O-O Re8 10. Bf4 Ne4 11. Nxe4 Rxe4 12. Nd2 Rxf4 13. gxf4 Bxb2 14. Rb1 Bg7 15. e4 Nd7 16. Re1 Bh6 17. e5 Bxf4 18. e6 Ne5 19. Nf3 Qf6 20. Qa4 fxe6 21. Nxe5 Bxe5 22. Qe8+ Qf8 23. Qb5 Qf7 24. Rxe5 dxe5 25. Qxc5 Qf5 26. Rc1 exd5 27. Qxd5+ Be6 28. Qxb7 Rf8 29. Qxa7 Rf7 30. Qe3 Bxa2 31. Rc5 Qb1+ 1/2-1/2

[Event "World Youth U-16 Olympiad 2018"]
[Site "Konya"]
[Date "2018.12.02"]
[Round "9"]
[White "Kerem, Halil Ozgun"]
[Black "Fecker, Noah"]
[Result "0-1"]
[WhiteElo "2248"]
[BlackElo "2149"]
[Annotator "NA"]
[PlyCount "96"]
[EventDate "2018.11.25"]
[EventType "team-tourn"]
[EventCountry "TUR"]
[SourceTitle "playchess.com"]
[Source "ChessBase"]
[SourceQuality "1"]
[WhiteTeam "Turkey"]
[BlackTeam "Switzerland"]
[WhiteTeamCountry "TUR"]
[BlackTeamCountry "SUI"]

1. d4 Nf6 2. Bf4 g6 3. e3 Bg7 4. Nf3 d6 5. h3 O-O 6. Be2 c5 7. c3 b6 8. O-O Bb7 9. Nbd2 Nbd7 10. a4 a6 11. Bh2 Ne4 12. Nxe4 Bxe4 13. Qb3 Qc7 14. Ng5 Bb7 15. Bc4 e6 16. Bxe6 fxe6 17. Nxe6 Qc6 18. Nxc5+ d5 19. Nxd7 Qxd7 20. Qxb6 Rf7 21. Be5 Qf5 22. f4 Qe4 23. Rae1 Raf8 24. Re2 g5 25. Rff2 Bc8 26. Qd6 g4 27. hxg4 Bxg4 28. Re1 Rf5 29. Qe6+ R8f7 30. Qc8+ Bf8 31. Qxa6 Rh5 32. Rd2 Qf5 33. Qd3 Qe6 34. e4 dxe4 35. Qg3 Be7 36. d5 Qf5 37. Qe3 Rh4 38. d6 Bd8 39. Qxe4 Qh5 40. Kf2 Rh2 41. Ke3 Qh4 42. Kd4 Be6 43. c4 Ra7 44. f5 Qg5 45. Qf4 Rh4 46. Qxh4 Qxh4+ 47. Re4 Bb6+ 48. Kc3 Qxe4 0-1

[Event "World Youth U-16 Olympiad 2018"]
[Site "Konya"]
[Date "2018.12.02"]
[Round "9"]
[White "Wang, Wesley"]
[Black "Juhasz, Agoston"]
[Result "1-0"]
[WhiteElo "2248"]
[BlackElo "2106"]
[Annotator "NA"]
[PlyCount "67"]
[EventDate "2018.11.25"]
[EventType "team-tourn"]
[EventCountry "TUR"]
[SourceTitle "playchess.com"]
[Source "ChessBase"]
[SourceQuality "1"]
[WhiteTeam "United States"]
[BlackTeam "Hungary"]
[WhiteTeamCountry "USA"]
[BlackTeamCountry "HUN"]

1. e4 c6 2. d4 d5 3. e5 Bf5 4. Nf3 e6 5. Be2 Ne7 6. O-O c5 7. c4 Nbc6 8. Nc3 dxc4 9. Bg5 Qa5 10. Nd2 Nd5 11. Nxc4 Nxc3 12. bxc3 Qc7 13. Qa4 h6 14. Bh4 Be4 15. dxc5 Bh7 16. Nd6+ Bxd6 17. cxd6 Qd7 18. Qf4 O-O 19. Qe3 f6 20. exf6 g5 21. Bg3 Rxf6 22. Rad1 Re8 23. h4 Rg6 24. Bh5 gxh4 25. Bxg6 Bxg6 26. Qxh6 Kf7 27. Bxh4 Rg8 28. Rfe1 e5 29. Re3 e4 30. Qf4+ Ke8 31. Rd5 Bh7 32. Rxe4+ Bxe4 33. Qxe4+ Kf7 34. Rf5+ 1-0

[Event "World Youth U-16 Olympiad 2018"]
[Site "Konya"]
[Date "2018.12.02"]
[Round "9"]
[White "Sprenar, Petr"]
[Black "Igisinova, Liya"]
[Result "1-0"]
[WhiteElo "2233"]
[BlackElo "1482"]
[Annotator "NA"]
[PlyCount "115"]
[EventDate "2018.11.25"]
[EventType "team-tourn"]
[EventCountry "TUR"]
[SourceTitle "playchess.com"]
[Source "ChessBase"]
[SourceQuality "1"]
[WhiteTeam "Czech Republic"]
[BlackTeam "Kazakhstan"]
[WhiteTeamCountry "CZE"]
[BlackTeamCountry "KAZ"]

1. d4 d5 2. c4 c6 3. cxd5 cxd5 4. Nc3 Nf6 5. f3 Nc6 6. e4 dxe4 7. d5 Ne5 8. fxe4 a6 9. Nf3 Nxf3+ 10. Qxf3 e6 11. Bg5 Be7 12. O-O-O Qa5 13. Bd2 O-O 14. h3 b5 15. d6 Bxd6 16. Nxb5 Bb4 17. Bxb4 Qxb4 18. Nc3 Bb7 19. a3 Qb3 20. Bd3 Rac8 21. Bc2 Qc4 22. Rhe1 Rc7 23. Qd3 Rfc8 24. Qxc4 Rxc4 25. Kb1 Rb8 26. Ka2 Kf8 27. Rd2 Ke7 28. Rf2 Nd7 29. e5 Rc5 30. Rfe2 Nb6 31. Bb3 Rd8 32. Rf2 Nc4 33. Bxc4 Rxc4 34. Ref1 Rf8 35. Kb3 Rc5 36. Re1 f6 37. Kc2 f5 38. b4 Rc4 39. Kb2 Rd8 40. Na4 Be4 41. Nc5 a5 42. Nxe4 Rxe4 43. Rxe4 fxe4 44. Re2 axb4 45. axb4 g5 46. Kc3 Rd3+ 47. Kc4 Kd7 48. Rxe4 Rg3 49. Rg4 Re3 50. Rxg5 Re4+ 51. Kc5 Re1 52. b5 h6 53. Rg7+ Kc8 54. b6 Rd1 55. Kc6 Rc1+ 56. Kd6 Rb1 57. b7+ Kb8 58. Kxe6 1-0

[Event "World Youth U-16 Olympiad 2018"]
[Site "Konya"]
[Date "2018.12.02"]
[Round "9"]
[White "Tsaruk, Maksim"]
[Black "Yaniv, Yuval"]
[Result "1-0"]
[WhiteElo "2218"]
[BlackElo "2199"]
[Annotator "NA"]
[PlyCount "83"]
[EventDate "2018.11.25"]
[EventType "team-tourn"]
[EventCountry "TUR"]
[SourceTitle "playchess.com"]
[Source "ChessBase"]
[SourceQuality "1"]
[WhiteTeam "Belarus"]
[BlackTeam "Israel"]
[WhiteTeamCountry "BLR"]
[BlackTeamCountry "ISR"]

1. e4 c5 2. Nf3 Nc6 3. d4 cxd4 4. Nxd4 Nf6 5. Nc3 d6 6. g3 e5 7. Nde2 Be7 8. Bg2 O-O 9. O-O Be6 10. Nd5 Bxd5 11. exd5 Nb8 12. c4 Nbd7 13. Nc3 Rc8 14. b3 a6 15. Bb2 Qa5 16. a3 b5 17. b4 Qb6 18. cxb5 axb5 19. Qe2 Rc4 20. Rfc1 Rfc8 21. Bf1 Qb7 22. Qe1 R4c7 23. Nxb5 Rxc1 24. Rxc1 Rxc1 25. Qxc1 Nxd5 26. Qc2 g6 27. Qb3 N5f6 28. a4 Nb8 29. Bg2 Qa6 30. Na3 Qe2 31. Bf1 Qe1 32. Bc3 Qc1 33. Bb2 Qe1 34. Qc3 Qxc3 35. Bxc3 Ne4 36. Bb2 Nd7 37. a5 d5 38. Bb5 Nef6 39. a6 Nb6 40. Bxe5 Bxb4 41. Bxf6 Bxa3 42. Bd4 1-0

[Event "World Youth U-16 Olympiad 2018"]
[Site "Konya"]
[Date "2018.12.02"]
[Round "9"]
[White "Kara, Yanki"]
[Black "Pecorini, Angie"]
[Result "1-0"]
[WhiteElo "2212"]
[BlackElo "1728"]
[Annotator "NA"]
[PlyCount "65"]
[EventDate "2018.11.25"]
[EventType "team-tourn"]
[EventCountry "TUR"]
[SourceTitle "playchess.com"]
[Source "ChessBase"]
[SourceQuality "1"]
[WhiteTeam "Turkey"]
[BlackTeam "Switzerland"]
[WhiteTeamCountry "TUR"]
[BlackTeamCountry "SUI"]

1. e4 c5 2. Nf3 d6 3. Nc3 Nf6 4. e5 dxe5 5. Nxe5 e6 6. g3 Nbd7 7. Nc4 Be7 8. Bg2 Nb6 9. Ne3 Rb8 10. O-O O-O 11. a4 Nbd5 12. Qf3 Nb4 13. d3 Bd7 14. Qe2 Bc6 15. f3 b6 16. Nc4 a6 17. Kh1 Nfd5 18. Ne4 Ba8 19. f4 b5 20. axb5 axb5 21. Ne5 Nf6 22. Be3 Qc7 23. Bg1 Rfd8 24. Rfe1 Nd7 25. Nf3 Nb6 26. Nc3 N6d5 27. f5 Nxc3 28. bxc3 Nd5 29. fxe6 Nxc3 30. exf7+ Kf8 31. Qe6 Rd6 32. Qe5 b4 33. Bxc5 1-0

[Event "World Youth U-16 Olympiad 2018"]
[Site "Konya"]
[Date "2018.12.02"]
[Round "9"]
[White "Borhy, Marcell"]
[Black "Stearman, Josiah"]
[Result "1-0"]
[WhiteElo "2198"]
[BlackElo "2337"]
[Annotator "ChessBase"]
[PlyCount "71"]
[EventDate "2018.11.25"]
[EventType "team-tourn"]
[EventCountry "TUR"]
[SourceTitle "playchess.com"]
[Source "ChessBase"]
[SourceQuality "1"]
[WhiteTeam "Hungary"]
[BlackTeam "United States"]
[WhiteTeamCountry "HUN"]
[BlackTeamCountry "USA"]

1. d4 Nf6 2. c4 g6 3. Nf3 Bg7 4. g3 O-O 5. Bg2 d5 6. cxd5 Nxd5 7. O-O Nb6 8. Nc3 Nc6 9. Bf4 Be6 10. Qc1 Nd5 11. Rd1 Rc8 12. Bh6 Nxc3 13. bxc3 Bc4 14. Bxg7 Kxg7 15. d5 Na5 16. Qe3 Qd6 17. Rd4 Qa6 18. Ne5 b5 19. Rh4 h5 20. g4 Qb6 21. Qg3 Bxe2 22. Nd7 Qd6 23. Nxf8 Qxg3 24. hxg3 Kxf8 25. gxh5 g5 26. Rb4 Nb7 27. Re1 Bc4 28. Bf1 a5 29. Rb2 Bxf1 30. Kxf1 Nd6 31. Rbe2 Re8 32. g4 f6 33. h6 e5 34. dxe6 Ke7 35. Kg2 c5 36. Rd1 1-0

[Event "World Youth U-16 Olympiad 2018"]
[Site "Konya"]
[Date "2018.12.02"]
[Round "9"]
[White "Li, Henry"]
[Black "Semjonovs, Ilja"]
[Result "1/2-1/2"]
[WhiteElo "2197"]
[BlackElo "2352"]
[Annotator "TA"]
[PlyCount "53"]
[EventDate "2018.11.25"]
[EventType "team-tourn"]
[EventCountry "TUR"]
[SourceTitle "playchess.com"]
[Source "ChessBase"]
[SourceQuality "1"]
[WhiteTeam "Ireland"]
[BlackTeam "Latvia"]
[WhiteTeamCountry "IRL"]
[BlackTeamCountry "LAT"]

1. e4 c5 2. Nf3 d6 3. d4 cxd4 4. Nxd4 Nf6 5. Nc3 a6 6. Bg5 e6 7. f4 Qb6 8. Qd2 Qxb2 9. Rb1 Qa3 10. e5 h6 11. Bh4 dxe5 12. fxe5 Nd5 13. Nxd5 exd5 14. e6 Bxe6 15. Nxe6 fxe6 16. Bd3 Be7 17. Bg6+ Kd8 18. Bxe7+ Qxe7 19. O-O Nd7 20. Rf7 Qc5+ 21. Kh1 Rf8 22. Rxg7 Rf6 23. Rg8+ Rf8 24. Rg7 Rf6 25. Rg8+ Rf8 26. Rg7 Rf6 27. Rg8+ 1/2-1/2

[Event "World Youth U-16 Olympiad 2018"]
[Site "Konya"]
[Date "2018.12.02"]
[Round "9"]
[White "Garcia de Dios, Jose Antonio"]
[Black "Pheephacharakan, Pinatpong"]
[Result "1/2-1/2"]
[WhiteElo "2194"]
[BlackElo "1892"]
[Annotator "NA"]
[PlyCount "122"]
[EventDate "2018.11.25"]
[EventType "team-tourn"]
[EventCountry "TUR"]
[SourceTitle "playchess.com"]
[Source "ChessBase"]
[SourceQuality "1"]
[WhiteTeam "Mexico"]
[BlackTeam "Thailand"]
[WhiteTeamCountry "MEX"]
[BlackTeamCountry "THA"]

1. d4 Nf6 2. c4 e6 3. Nf3 b6 4. g3 Bb7 5. Bg2 Be7 6. O-O O-O 7. Nc3 Ne4 8. Qd3 Nxc3 9. Qxc3 f5 10. Rd1 Be4 11. Be3 Bf6 12. Qd2 Qe7 13. Rac1 d6 14. b4 a5 15. a3 Nd7 16. Ne1 Bxg2 17. Nxg2 axb4 18. axb4 Ra7 19. c5 Rfa8 20. cxd6 cxd6 21. d5 e5 22. Rc6 Ra2 23. Qd3 f4 24. gxf4 exf4 25. Bxf4 Ne5 26. Bxe5 Qxe5 27. e3 Qb2 28. Qf5 Be5 29. Qe6+ Kf8 30. Rf1 Re8 31. Qf5+ Kg8 32. Rc7 Bf6 33. Nf4 Qe5 34. Qxe5 Bxe5 35. Nd3 Rd2 36. Nxe5 Rxe5 37. Ra1 h6 38. Rb7 Rg5+ 39. Kf1 Rf5 40. Ra8+ Kh7 41. f4 Rh5 42. Raa7 Rhxh2 43. Rxg7+ Kh8 44. Kg1 Rhe2 45. Kf1 Rf2+ 46. Ke1 Rfe2+ 47. Kf1 Rf2+ 48. Kg1 Rfe2 49. Kf1 Rf2+ 50. Kg1 Rfe2 51. Rh7+ Kg8 52. Rag7+ Kf8 53. Rf7+ Kg8 54. Rhg7+ Kh8 55. Rh7+ Kg8 56. Rfg7+ Kf8 57. Kh1 Rh2+ 58. Kg1 Rhe2 59. Kf1 Rf2+ 60. Kg1 Rfe2 61. Rf7+ Kg8 1/2-1/2

[Event "World Youth U-16 Olympiad 2018"]
[Site "Konya"]
[Date "2018.12.02"]
[Round "9"]
[White "Cohen Revivo, Shoham"]
[Black "Lazavik, Denis"]
[Result "0-1"]
[WhiteElo "2188"]
[BlackElo "2229"]
[Annotator "NA"]
[PlyCount "56"]
[EventDate "2018.11.25"]
[EventType "team-tourn"]
[EventCountry "TUR"]
[SourceTitle "playchess.com"]
[Source "ChessBase"]
[SourceQuality "1"]
[WhiteTeam "Israel"]
[BlackTeam "Belarus"]
[WhiteTeamCountry "ISR"]
[BlackTeamCountry "BLR"]

1. e4 e5 2. Nf3 Nc6 3. Bc4 Bc5 4. O-O Nf6 5. d3 d6 6. c3 a6 7. a4 h6 8. Re1 O-O 9. Nbd2 Be6 10. Bxe6 fxe6 11. h3 Ba7 12. b4 Ne7 13. Qb3 Qd7 14. d4 exd4 15. cxd4 Ng6 16. b5 Bb6 17. Bb2 axb5 18. axb5 Rxa1 19. Rxa1 d5 20. e5 Ne4 21. Re1 Ba5 22. Nxe4 Bxe1 23. Nc5 Qf7 24. Ba3 Nh4 25. Nd3 Qg6 26. Kf1 Rxf3 27. Kxe1 Qxd3 28. Qa4 Qxa3 0-1

[Event "World Youth U-16 Olympiad 2018"]
[Site "Konya"]
[Date "2018.12.02"]
[Round "9"]
[White "Li, Wenxiang"]
[Black "Saparova, Sitora"]
[Result "1-0"]
[WhiteElo "2172"]
[BlackElo "1776"]
[Annotator "NA"]
[PlyCount "69"]
[EventDate "2018.11.25"]
[EventType "team-tourn"]
[EventCountry "TUR"]
[SourceTitle "playchess.com"]
[Source "ChessBase"]
[SourceQuality "1"]
[WhiteTeam "China"]
[BlackTeam "Uzbekistan"]
[WhiteTeamCountry "CHN"]
[BlackTeamCountry "UZB"]

1. d4 d5 2. c4 c6 3. Nf3 Nf6 4. Nc3 e6 5. Bg5 Nbd7 6. cxd5 exd5 7. e3 Bd6 8. Bd3 h6 9. Bh4 Qb6 10. Qc2 O-O 11. O-O Re8 12. a3 a6 13. b4 Qc7 14. Rab1 b6 15. Rfc1 Bb7 16. Bf5 Be7 17. Ne5 Qd8 18. Bxf6 Nxf6 19. Na4 b5 20. Nc5 Bxc5 21. Qxc5 g6 22. Bh3 Ne4 23. Qc2 Re7 24. g3 Rc7 25. Bg2 Nf6 26. Rb3 Nd7 27. f4 Nxe5 28. fxe5 Bc8 29. Rc3 Bf5 30. Qa2 Rac8 31. Qb3 Kg7 32. Rc5 Qd7 33. Qc3 Be6 34. e4 dxe4 35. d5 1-0

[Event "World Youth U-16 Olympiad 2018"]
[Site "Konya"]
[Date "2018.12.02"]
[Round "9"]
[White "Caputcuoglu, Zeki Berke"]
[Black "Navaratnam, Rohan Shan Tze"]
[Result "1/2-1/2"]
[WhiteElo "2156"]
[BlackElo "2093"]
[Annotator "NA"]
[PlyCount "78"]
[EventDate "2018.11.25"]
[EventType "team-tourn"]
[EventCountry "TUR"]
[SourceTitle "playchess.com"]
[Source "ChessBase"]
[SourceQuality "1"]
[WhiteTeam "Turkey"]
[BlackTeam "Malaysia"]
[WhiteTeamCountry "TUR"]
[BlackTeamCountry "MAS"]

1. e4 c5 2. Nf3 e6 3. c3 d5 4. exd5 exd5 5. d4 Nf6 6. Bb5+ Bd7 7. Bxd7+ Nbxd7 8. O-O Be7 9. Nbd2 O-O 10. dxc5 Nxc5 11. Nb3 Nce4 12. Be3 Qd7 13. Qd3 Rfd8 14. Rad1 a5 15. Bb6 Rdc8 16. Rfe1 a4 17. Nbd2 Qc6 18. Bd4 a3 19. b3 Bc5 20. c4 Nxd2 21. Nxd2 Rd8 22. Bxc5 Qxc5 23. Ne4 Nxe4 24. Rxe4 dxe4 25. Qxd8+ Rxd8 26. Rxd8+ Qf8 27. Rxf8+ Kxf8 28. f3 exf3 29. gxf3 g5 30. Kf2 Ke7 31. Ke3 Kd6 32. Kd4 b6 33. b4 f5 34. c5+ bxc5+ 35. bxc5+ Kc6 36. Ke5 Kxc5 37. Kxf5 h6 38. Ke4 Kc4 39. f4 Kc3 1/2-1/2

[Event "World Youth U-16 Olympiad 2018"]
[Site "Konya"]
[Date "2018.12.02"]
[Round "9"]
[White "Marn, Jan"]
[Black "Wachinger, Nikolas"]
[Result "1/2-1/2"]
[WhiteElo "2147"]
[BlackElo "2306"]
[Annotator "NA"]
[PlyCount "119"]
[EventDate "2018.11.25"]
[EventType "team-tourn"]
[EventCountry "TUR"]
[SourceTitle "playchess.com"]
[Source "ChessBase"]
[SourceQuality "1"]
[WhiteTeam "Slovenia"]
[BlackTeam "Germany"]
[WhiteTeamCountry "SLO"]
[BlackTeamCountry "GER"]

1. d4 Nf6 2. c4 g6 3. Nc3 Bg7 4. e4 d6 5. Bd3 O-O 6. Nge2 e5 7. d5 Na6 8. O-O Nh5 9. a3 Nc5 10. Bc2 f5 11. exf5 gxf5 12. b4 Nd7 13. f4 exf4 14. Nd4 Qf6 15. Ncb5 a6 16. Qxh5 Nb6 17. Bb2 Qf7 18. Qxf7+ Rxf7 19. Nxd6 cxd6 20. Bb3 Bd7 21. a4 a5 22. c5 Bxa4 23. Bxa4 Nc4 24. cxd6 Nxb2 25. Ne6 Nxa4 26. Rxa4 Be5 27. Rxa5 Rxa5 28. bxa5 Rd7 29. Rb1 Bxd6 30. Kf2 Be7 31. Rb5 Kf7 32. Kf3 Kf6 33. Nxf4 Ke5 34. d6+ Kxd6 35. Rxf5 Kc6 36. Rh5 Bd6 37. Ne6 Rf7+ 38. Kg4 Kd7 39. Ng5 Rg7 40. Kh3 h6 41. Ne4 Bf4 42. g3 Be3 43. Re5 Kc6 44. Re6+ Kd7 45. Rf6 Re7 46. a6 bxa6 47. Nc3 Re6 48. Rf7+ Kc6 49. Kg4 Bd4 50. Na2 a5 51. Nc1 a4 52. Rf4 Kd5 53. Nd3 a3 54. Nb4+ Kc5 55. Nc2 Bb2 56. Ra4 Kb5 57. Ra8 Ra6 58. Rxa6 Kxa6 59. Nxa3 Bxa3 60. Kh5 1/2-1/2

[Event "World Youth U-16 Olympiad 2018"]
[Site "Konya"]
[Date "2018.12.02"]
[Round "9"]
[White "Caglar, Sila"]
[Black "Easwaralingam, Adesh"]
[Result "0-1"]
[WhiteElo "2125"]
[BlackElo "2103"]
[Annotator "NA"]
[PlyCount "66"]
[EventDate "2018.11.25"]
[EventType "team-tourn"]
[EventCountry "TUR"]
[SourceTitle "playchess.com"]
[Source "ChessBase"]
[SourceQuality "1"]
[WhiteTeam "Turkey"]
[BlackTeam "Denmark"]
[WhiteTeamCountry "TUR"]
[BlackTeamCountry "DEN"]

1. e4 c5 2. Nf3 e6 3. b3 a6 4. c4 Nc6 5. Bb2 b6 6. Be2 Bb7 7. O-O Nf6 8. e5 Ng4 9. h3 h5 10. d4 cxd4 11. Bxd4 Nxd4 12. Qxd4 Nh6 13. Nc3 Nf5 14. Qd2 g6 15. Rfd1 Qc7 16. Qd3 d6 17. Ne4 dxe5 18. Nf6+ Ke7 19. Qd7+ Qxd7 20. Rxd7+ Kxf6 21. Rxb7 Bc5 22. Rd1 Rad8 23. g4 hxg4 24. hxg4 Rxd1+ 25. Bxd1 Nd6 26. Ra7 a5 27. Kg2 e4 28. Nd2 Ke5 29. Rd7 f5 30. Rg7 Rd8 31. Kg3 f4+ 32. Kg2 Ne8 33. Rg8 Rxd2 0-1

[Event "World Youth U-16 Olympiad 2018"]
[Site "Konya"]
[Date "2018.12.02"]
[Round "9"]
[White "Asadi, Motahare"]
[Black "Divya Deshmukh"]
[Result "0-1"]
[WhiteElo "2122"]
[BlackElo "2190"]
[Annotator "NA"]
[PlyCount "80"]
[EventDate "2018.11.25"]
[EventType "team-tourn"]
[EventCountry "TUR"]
[SourceTitle "playchess.com"]
[Source "ChessBase"]
[SourceQuality "1"]
[WhiteTeam "Iran"]
[BlackTeam "India"]
[WhiteTeamCountry "IRI"]
[BlackTeamCountry "IND"]

1. e4 c5 2. Nf3 d6 3. d4 cxd4 4. Nxd4 Nf6 5. Nc3 a6 6. g3 e6 7. Bg2 Be7 8. O-O O-O 9. Be3 Qc7 10. f4 Nc6 11. h3 Na5 12. Bf2 e5 13. Nde2 b5 14. a3 Bb7 15. f5 h5 16. Nd5 Bxd5 17. exd5 Rac8 18. c3 Qd7 19. a4 Bd8 20. axb5 axb5 21. Nc1 Qxf5 22. Qe2 Qg6 23. Qxb5 Nc4 24. Ra4 Nd2 25. Re1 h4 26. Rxh4 Nh7 27. Rb4 f5 28. Qa6 Bf6 29. Qxd6 Ng5 30. Kh1 Nde4 31. Qb6 Rb8 32. Qe3 Rxb4 33. cxb4 Qh5 34. h4 f4 35. gxf4 exf4 36. Qe2 f3 37. Bxf3 Nxf2+ 38. Qxf2 Nxf3 39. Re4 Bxh4 40. Qe2 Bf2+ 0-1

[Event "World Youth U-16 Olympiad 2018"]
[Site "Konya"]
[Date "2018.12.02"]
[Round "9"]
[White "Santos, Jose Guilherme B Li"]
[Black "Haring, Filip"]
[Result "1/2-1/2"]
[WhiteElo "2113"]
[BlackElo "2289"]
[Annotator "NA"]
[PlyCount "131"]
[EventDate "2018.11.25"]
[EventType "team-tourn"]
[EventCountry "TUR"]
[SourceTitle "playchess.com"]
[Source "ChessBase"]
[SourceQuality "1"]
[WhiteTeam "Portugal"]
[BlackTeam "Slovakia"]
[WhiteTeamCountry "POR"]
[BlackTeamCountry "SVK"]

1. e4 c5 2. Nf3 Nc6 3. Bb5 e6 4. O-O Nge7 5. Re1 a6 6. Bf1 Ng6 7. Nc3 d6 8. d4 cxd4 9. Nxd4 Be7 10. Be3 O-O 11. a4 Nge5 12. Nb3 b6 13. f3 Bb7 14. Qd2 Nd7 15. Rad1 Rc8 16. Qf2 Nce5 17. Nd4 Nc5 18. Be2 Qe8 19. Qf1 Bh4 20. g3 Bf6 21. a5 bxa5 22. f4 Nc6 23. Bf3 Nb4 24. Rd2 Rc7 25. Bf2 Qa8 26. Qg2 Rd8 27. Red1 Re8 28. Nde2 Be7 29. Nd4 Bf8 30. e5 d5 31. Re1 Rec8 32. f5 Ne4 33. Bxe4 dxe4 34. Be3 exf5 35. Nxf5 Re8 36. Nd6 Rxe5 37. Nxb7 Rxb7 38. Nxe4 Qe8 39. Bd4 Re6 40. Rde2 Rbe7 41. Bc5 Rc7 42. Bxf8 Qxf8 43. c3 Nd3 44. Rd1 Nc5 45. Ng5 Rxe2 46. Qxe2 h6 47. Nf3 Re7 48. Qf2 Qc8 49. Rd5 Ne6 50. Rxa5 Qc4 51. Re5 Rb7 52. Re2 Qd3 53. Ne5 Qb1+ 54. Kg2 Ng5 55. h4 Ne4 56. Qf5 Rxb2 57. Qxf7+ Kh7 58. Qg6+ Kg8 59. Qf7+ Kh7 60. Qf5+ Kg8 61. Rxb2 Qxb2+ 62. Kf3 Nf6 63. Qc8+ Kh7 64. Qf5+ Kg8 65. Qc8+ Kh7 66. Qf5+ 1/2-1/2

[Event "World Youth U-16 Olympiad 2018"]
[Site "Konya"]
[Date "2018.12.02"]
[Round "9"]
[White "Skalsky, Alexandr"]
[Black "Iskakbaev, Ibraim"]
[Result "1-0"]
[WhiteElo "2106"]
[BlackElo "1522"]
[Annotator "ChessBase"]
[PlyCount "77"]
[EventDate "2018.11.25"]
[EventType "team-tourn"]
[EventCountry "TUR"]
[SourceTitle "playchess.com"]
[Source "ChessBase"]
[SourceQuality "1"]
[WhiteTeam "Czech Republic"]
[BlackTeam "Kazakhstan"]
[WhiteTeamCountry "CZE"]
[BlackTeamCountry "KAZ"]

1. e4 c5 2. Nf3 d6 3. d4 cxd4 4. Nxd4 Nf6 5. Nc3 g6 6. Be3 Bg7 7. f3 O-O 8. Qd2 Nc6 9. O-O-O Nxd4 10. Bxd4 Be6 11. Kb1 Qc7 12. h4 Rfc8 13. g4 Qa5 14. a3 Rab8 15. h5 b5 16. h6 Bh8 17. g5 b4 18. Nb5 a6 19. gxf6 axb5 20. fxe7 f6 21. Qxb4 Qc7 22. Bc3 f5 23. Qxd6 Qxd6 24. Rxd6 Kf7 25. Bxh8 Rxh8 26. exf5 Bxf5 27. Rd5 b4 28. axb4 Rxb4 29. Bd3 Rhb8 30. b3 Bxd3 31. Rxd3 Kxe7 32. Re1+ Kf6 33. Rd7 Kg5 34. Rxh7 Rf4 35. Rg1+ Kh5 36. Rh1+ Kg5 37. Rg7 Rxf3 38. h7 Rff8 39. Rg1+ 1-0

[Event "World Youth U-16 Olympiad 2018"]
[Site "Konya"]
[Date "2018.12.02"]
[Round "9"]
[White "Liyanage, Ranindu Dilshan"]
[Black "Pipia, Ekaterine"]
[Result "1/2-1/2"]
[WhiteElo "2100"]
[BlackElo "1995"]
[Annotator "NA"]
[PlyCount "48"]
[EventDate "2018.11.25"]
[EventType "team-tourn"]
[EventCountry "TUR"]
[SourceTitle "playchess.com"]
[Source "ChessBase"]
[SourceQuality "1"]
[WhiteTeam "Sri Lanka"]
[BlackTeam "Georgia"]
[WhiteTeamCountry "SRI"]
[BlackTeamCountry "GEO"]

1. e4 g6 2. d4 Bg7 3. c4 d6 4. Nc3 Nd7 5. Be3 e5 6. dxe5 Nxe5 7. Bd4 Nf6 8. f3 O-O 9. Qc2 Be6 10. Nd1 a6 11. Nf2 c5 12. Bc3 Qc7 13. Ngh3 b5 14. cxb5 axb5 15. Bxb5 Rfb8 16. Be2 Bxa2 17. O-O d5 18. f4 Nc4 19. Bxc4 Bxc4 20. Be5 Qb7 21. Bxb8 Bxf1 22. Kxf1 Qxb8 23. exd5 Nxd5 24. Qxc5 Nxf4 1/2-1/2

[Event "World Youth U-16 Olympiad 2018"]
[Site "Konya"]
[Date "2018.12.02"]
[Round "9"]
[White "Brahami, Lamine"]
[Black "Coman, Mihnea-George"]
[Result "1-0"]
[WhiteElo "2097"]
[BlackElo "2042"]
[Annotator "NA"]
[PlyCount "47"]
[EventDate "2018.11.25"]
[EventType "team-tourn"]
[EventCountry "TUR"]
[SourceTitle "playchess.com"]
[Source "ChessBase"]
[SourceQuality "1"]
[WhiteTeam "Algeria"]
[BlackTeam "Romania"]
[WhiteTeamCountry "ALG"]
[BlackTeamCountry "ROU"]

1. d4 Nf6 2. c4 g6 3. Nc3 Bg7 4. e4 d6 5. Be3 O-O 6. Be2 e5 7. d5 a5 8. g4 Na6 9. g5 Ne8 10. h4 c6 11. Qd2 Rb8 12. O-O-O Bd7 13. c5 cxd5 14. Qxd5 Be6 15. Qd2 Nb4 16. Kb1 Nc6 17. cxd6 Nd4 18. Nf3 Nxf3 19. Bxf3 f5 20. d7 Nc7 21. Bb6 fxe4 22. Bxe4 Bc4 23. Qd6 Ne8 24. Qxb8 1-0